Introduction to comparative and international education
-д хадгалсан:
| Үндсэн зохиолч: | |
|---|---|
| Формат: | Ном |
| Хэл сонгох: | англи |
| Хэвлэсэн: |
SAGE
2014
|
| Шошгууд: |
Шошго нэмэх
Шошго байхгүй, Энэхүү баримтыг шошголох эхний хүн болох!
|
MARC
| LEADER | 00000nam a22000007a 4500 | ||
|---|---|---|---|
| 008 | 201217b ||||| |||| 00| 0 eng d | ||
| 020 | |a 978-1-4462-7320-3 | ||
| 100 | |a MARSHALL, Jennifer | ||
| 245 | |a Introduction to comparative and international education |c Jennifer Marshall |g xiii, 226p., ill. | ||
| 260 | |b SAGE |c 2014 |h Los Angeles |i 692251 |i 692252 |l LB43 .M35 |m Comparative education |m Internal education. |m Education – Cross-cultural studies | ||
| 500 | |a “It includes references and index”. | ||
| 942 | |a lcc |c BK |e O.A.JOHNSON |f 17/12/20 | ||
| 952 | |0 0 |1 0 |2 lcc |4 0 |6 LB0043 M35 |7 0 |9 653 |a HOL |b ED |c LP |d 2020-12-17 |l 0 |o LB43 .M35 |p 2020-22970 |r 2020-12-17 00:00:00 |w 2020-12-17 |y BK | ||
| 952 | |0 0 |1 0 |2 lcc |4 0 |6 LB0043 M35 |7 0 |9 654 |a HOL |b HOL |c LP |d 2020-12-17 |l 0 |o LB43 .M35 |p 2020-22971 |r 2020-12-17 00:00:00 |w 2020-12-17 |y BK | ||
| 999 | |c 364 |d 364 | ||